[Event "Guimaraes Open 2019"]
[Site "Guimaraes"]
[Date "2019.08.29"]
[Round "2.6"]
[White "De Prado Rodriguez, Oscar Bruno"]
[Black "Schou, Bjorn A"]
[Result "0-1"]
[WhiteElo "2155"]
[BlackElo "1257"]
[Annotator "NA"]
[PlyCount "118"]
[EventDate "2019.08.28"]
[EventType "swiss"]
[EventCountry "POR"]
[SourceTitle "playchess.com"]
[Source "ChessBase"]
[SourceQuality "1"]
[TimeControl "5400+30"]

1. d4 {[%emt 0:02:48]} c5 {[%emt 0:00:00]} 2. c3 {[%emt 0:00:29]} e6 {[%emt 0:00:46]} 3. Bf4 {[%emt 0:00:41]} Nf6 {[%emt 0:01:14]} 4. e3 {[%emt 0:00:11]} Nc6 {[%emt 0:01:05]} 5. Nd2 {[%emt 0:00:27]} Be7 {[%emt 0:01:08]} 6. Bd3 {[%emt 0:00:09]} b6 {[%emt 0:02:51]} 7. h3 {[%emt 0:00:47]} Bb7 {[%emt 0:03:20]} 8. Ngf3 {[%emt 0:00:18]} d5 {[%emt 0:03:11]} 9. O-O {[%emt 0:00:19]} O-O {[%emt 0:01:08]} 10. Qe2 {[%emt 0:03:28]} h6 {[%emt 0:02:55]} 11. Rad1 {[%emt 0:05:59]} Bd6 {[%emt 0:03:03]} 12. Bxd6 {[%emt 0:14:05]} Qxd6 {[%emt 0:00:45]} 13. e4 {[%emt 0:00:52]} dxe4 {[%emt 0:10:28]} 14. Nxe4 {[%emt 0:01:52]} Nxe4 {[%emt 0:03:23]} 15. Qxe4 {[%emt 0:05:38]} g6 {[%emt 0:00:04]} 16. Qe3 {[%emt 0:08:07]} Kg7 {[%emt 0:01:55]} 17. dxc5 {[%emt 0:01:38]} Qxc5 {[%emt 0:00:28]} 18. Qxc5 {[%emt 0:00:34]} bxc5 {[%emt 0:00:03]} 19. Be4 {[%emt 0:00:11]} Rfd8 {[%emt 0:01:41]} 20. Rfe1 {[%emt 0:02:59]} Rab8 {[%emt 0:04:04]} 21. b3 {[%emt 0:00:48]} Kf6 {[%emt 0:15:38]} 22. Nd2 {[%emt 0:04:09]} Ke7 {[%emt 0:01:12]} 23. Bf3 {[%emt 0:10:05]} Rbc8 {[%emt 0:12:31]} 24. Nc4 {[%emt 0:08:43]} h5 {[%emt 0:04:20]} 25. Ne3 {[%emt 0:03:08]} Rxd1 {[%emt 0:01:40]} 26. Rxd1 {[%emt 0:00:09]} Ba6 {[%emt 0:00:19]} 27. Bxc6 {[%emt 0:03:30]} Rxc6 {[%emt 0:00:04]} 28. c4 {[%emt 0:00:10]} Bb7 {[%emt 0:01:42]} 29. f3 {[%emt 0:01:41]} g5 {[%emt 0:01:41]} 30. Kf2 {[%emt 0:00:07]} Rc8 {[%emt 0:00:32]} 31. Rd2 {[%emt 0:00:32]} f5 {[%emt 0:01:22]} 32. Re2 {[%emt 0:01:32]} Kf6 {[%emt 0:00:36]} 33. Rd2 {[%emt 0:00:06]} f4 {[%emt 0:00:34]} 34. Nd1 {[%emt 0:00:18]} Bc6 {[%emt 0:02:54]} 35. Nc3 {[%emt 0:00:40]} a6 {[%emt 0:02:09]} 36. Ne2 {[%emt 0:02:53]} Kf5 {[%emt 0:00:54]} 37. Nc1 {[%emt 0:03:32]} e5 {[%emt 0:01:48]} 38. Ne2 {[%emt 0:06:48]} g4 {[%emt 0:04:19]} 39. hxg4+ {[%emt 0:00:32]} hxg4 {[%emt 0:00:02]} 40. fxg4+ {[%emt 0:03:09]} Kxg4 {[%emt 0:00:14]} 41. Rd6 {[%emt 0:00:16]} Kf5 {[%emt 0:04:13]} 42. Rh6 {[%emt 0:02:01]} Kg5 {[%emt 0:03:14]} 43. Re6 {[%emt 0:00:27]} Kf5 {[%emt 0:00:02]} 44. Rh6 {[%emt 0:00:18]} Bb7 {[%emt 0:01:20]} 45. Rh7 {[%emt 0:01:21]} Ba8 {[%emt 0:00:08]} 46. Rg7 {[%emt 0:02:25]} Rd8 {[%emt 0:00:25]} 47. Rf7+ {[%emt 0:00:33]} Ke6 {[%emt 0:02:18]} 48. Ra7 {[%emt 0:00:06]} Be4 {[%emt 0:01:13]} 49. Rxa6+ {[%emt 0:01:10]} Kf5 {[%emt 0:00:02]} 50. Ra5 {[%emt 0:01:35]} Rd2 {[%emt 0:00:19]} 51. Ke1 {[%emt 0:00:28]} Rb2 {[%emt 0:00:05]} 52. Rxc5 {[%emt 0:00:13]} Bxg2 {[%emt 0:00:32]} 53. Nd4+ {[%emt 0:00:44]} Ke4 {[%emt 0:01:01]} 54. Nc6 {[%emt 0:00:25]} f3 {[%emt 0:00:18]} 55. Rxe5+ {[%emt 0:00:51]} Kf4 {[%emt 0:00:03]} 56. Kd1 f2 {[%emt 0:00:39]} 57. Kc1 {[%emt 0:00:38]} Rxa2 {[%emt 0:00:55]} 58. Kb1 {[%emt 0:00:14]} Rd2 {[%emt 0:00:52]} 59. Kc1 {[%emt 0:00:10]} Rd6 {[%emt 0:00:26]} 0-1

[Event "Guimaraes Open 2019"]
[Site "Guimaraes"]
[Date "2019.08.29"]
[Round "2.7"]
[White "Portela Peleteiro, Alberto"]
[Black "Fernandes, Miguel A. Murtinho"]
[Result "1/2-1/2"]
[WhiteElo "2375"]
[BlackElo "2108"]
[Annotator "NA"]
[PlyCount "81"]
[EventDate "2019.08.28"]
[EventType "swiss"]
[EventCountry "POR"]
[SourceTitle "playchess.com"]
[Source "ChessBase"]
[SourceQuality "1"]
[TimeControl "5400+30"]

1. e4 {[%emt 0:02:12]} c6 {[%emt 0:00:00]} 2. d4 {[%emt 0:00:11]} d5 {[%emt 0:00:00]} 3. e5 {[%emt 0:00:12]} Bf5 {[%emt 0:00:00]} 4. Nf3 {[%emt 0:00:07]} e6 {[%emt 0:00:00]} 5. Be2 {[%emt 0:00:05]} Ne7 {[%emt 0:00:07]} 6. O-O {[%emt 0:00:10]} Ng6 {[%emt 0:00:06]} 7. c4 {[%emt 0:02:33]} dxc4 {[%emt 0:00:08]} 8. Bxc4 {[%emt 0:00:43]} Nd7 {[%emt 0:00:09]} 9. Nc3 {[%emt 0:09:21]} h6 {[%emt 0:00:17]} 10. h3 {[%emt 0:07:23]} Nb6 {[%emt 0:02:44]} 11. Bb3 {[%emt 0:03:34]} Ne7 {[%emt 0:00:11]} 12. Qe2 {[%emt 0:08:28]} Ned5 {[%emt 0:02:10]} 13. Rd1 {[%emt 0:00:32]} Be7 {[%emt 0:00:57]} 14. Nd2 {[%emt 0:01:55]} Qc7 {[%emt 0:04:45]} 15. Nde4 {[%emt 0:06:36]} Rd8 {[%emt 0:01:39]} 16. a3 {[%emt 0:03:38]} O-O {[%emt 0:01:30]} 17. Bc2 {[%emt 0:04:22]} Nxc3 {[%emt 0:05:48]} 18. bxc3 {[%emt 0:01:50]} c5 {[%emt 0:00:52]} 19. Bf4 {[%emt 0:15:53]} Nd5 {[%emt 0:02:20]} 20. Bg3 {[%emt 0:01:12]} Nxc3 {[%emt 0:06:06]} 21. Nxc3 {[%emt 0:05:02]} Bxc2 {[%emt 0:01:21]} 22. Rdc1 {[%emt 0:01:28]} Bg6 {[%emt 0:01:18]} 23. dxc5 {[%emt 0:02:56]} Qc6 {[%emt 0:07:29]} 24. Qb5 {[%emt 0:05:03]} Qxc5 {[%emt 0:02:49]} 25. Qxb7 {[%emt 0:00:43]} Rb8 {[%emt 0:03:26]} 26. Qa6 {[%emt 0:00:05]} Qb6 {[%emt 0:10:46]} 27. Qxb6 {[%emt 0:00:04]} Rxb6 {[%emt 0:00:06]} 28. Na4 {[%emt 0:00:02]} Ra6 {[%emt 0:00:52]} 29. Nc5 {[%emt 0:06:40]} Ra5 {[%emt 0:02:41]} 30. Nb3 {[%emt 0:00:05]} Rxa3 {[%emt 0:02:49]} 31. Rxa3 {[%emt 0:00:42]} Bxa3 {[%emt 0:00:07]} 32. Ra1 {[%emt 0:00:03]} Bb4 {[%emt 0:03:22]} 33. Rxa7 {[%emt 0:01:09]} Rd8 {[%emt 0:00:09]} 34. Rb7 {[%emt 0:00:44]} Bc3 {[%emt 0:01:13]} 35. Rc7 {[%emt 0:02:20]} Rd3 {[%emt 0:01:35]} 36. Nc5 {[%emt 0:00:36]} Rd1+ {[%emt 0:07:12]} 37. Kh2 {[%emt 0:01:30]} Bb4 {[%emt 0:00:14]} 38. Nd7 {[%emt 0:00:38]} Kh7 {[%emt 0:00:58]} 39. Rb7 {[%emt 0:04:48]} Ba3 {[%emt 0:00:15]} 40. Ra7 {[%emt 0:01:09]} Bb4 {[%emt 0:00:05]} 41. Rb7 {[%emt 0:01:11]} 1/2-1/2

[Event "Guimaraes Open 2019"]
[Site "Guimaraes"]
[Date "2019.08.29"]
[Round "2.8"]
[White "Gomez Peco, David"]
[Black "Espineira Gonzalez, Diego"]
[Result "0-1"]
[WhiteElo "2104"]
[BlackElo "2362"]
[Annotator "NA"]
[PlyCount "30"]
[EventDate "2019.08.28"]
[EventType "swiss"]
[EventCountry "POR"]
[SourceTitle "playchess.com"]
[Source "ChessBase"]
[SourceQuality "1"]
[TimeControl "5400+30"]

1. e4 {[%emt 0:00:00]} c5 {[%emt 0:01:51]} 2. Nf3 {[%emt 0:00:00]} e6 {[%emt 0:00:05]} 3. d4 {[%emt 0:00:00]} cxd4 {[%emt 0:00:05]} 4. Nxd4 {[%emt 0:00:01]} a6 {[%emt 0:00:09]} 5. c4 {[%emt 0:00:23]} Nf6 {[%emt 0:00:09]} 6. Nc3 {[%emt 0:00:11]} Qc7 {[%emt 0:00:12]} 7. a3 {[%emt 0:00:45]} Nxe4 {[%emt 0:01:24]} 8. Nxe4 {[%emt 0:01:18]} Qe5 {[%emt 0:00:04]} 9. Bd3 {[%emt 0:07:10]} Qxd4 {[%emt 0:00:29]} 10. O-O {[%emt 0:00:32]} f5 {[%emt 0:06:22]} 11. Be3 {[%emt 0:42:19]} Qe5 {[%emt 0:02:02]} 12. Ng5 {[%emt 0:10:15]} Bc5 {[%emt 0:11:40]} 13. Qh5+ {[%emt 0:07:01]} g6 {[%emt 0:01:17]} 14. Qh3 {[%emt 0:00:07]} Bxe3 {[%emt 0:00:41]} 15. fxe3 {[%emt 0:00:10]} h6 {[%emt 0:00:19]} 0-1

[Event "Guimaraes Open 2019"]
[Site "Guimaraes"]
[Date "2019.08.29"]
[Round "2.9"]
[White "Chueca Forcen, Alberto"]
[Black "Pinheiro, Albano"]
[Result "1-0"]
[WhiteElo "2355"]
[BlackElo "1989"]
[Annotator "NA"]
[PlyCount "61"]
[EventDate "2019.08.28"]
[EventType "swiss"]
[EventCountry "POR"]
[SourceTitle "playchess.com"]
[Source "ChessBase"]
[SourceQuality "1"]
[TimeControl "5400+30"]

1. d4 {[%emt 0:13:50]} Nf6 {[%emt 0:00:00]} 2. c4 {[%emt 0:00:21]} e6 {[%emt 0:00:00]} 3. Nc3 {[%emt 0:00:04]} Bb4 {[%emt 0:00:00]} 4. Qc2 {[%emt 0:00:11]} c5 {[%emt 0:00:20]} 5. dxc5 {[%emt 0:00:23]} O-O {[%emt 0:00:21]} 6. Nf3 {[%emt 0:00:33]} Bxc5 {[%emt 0:00:29]} 7. Bg5 {[%emt 0:00:37]} h6 {[%emt 0:05:07]} 8. Bh4 {[%emt 0:00:11]} Nc6 {[%emt 0:06:28]} 9. Rd1 {[%emt 0:00:05]} b6 {[%emt 0:16:52]} 10. e4 {[%emt 0:00:55]} e5 {[%emt 0:02:47]} 11. Be2 {[%emt 0:01:41]} Re8 {[%emt 0:01:20]} 12. O-O {[%emt 0:00:53]} g5 {[%emt 0:00:54]} 13. Bg3 {[%emt 0:01:45]} d6 {[%emt 0:03:02]} 14. Rfe1 {[%emt 0:05:33]} Qe7 {[%emt 0:04:22]} 15. a3 {[%emt 0:12:51]} a5 {[%emt 0:02:22]} 16. Qd2 {[%emt 0:09:50]} Kh7 {[%emt 0:11:04]} 17. Nd5 {[%emt 0:03:54]} Nxd5 {[%emt 0:01:57]} 18. exd5 {[%emt 0:01:28]} Nd4 {[%emt 0:01:10]} 19. b4 {[%emt 0:03:38]} axb4 {[%emt 0:02:02]} 20. axb4 {[%emt 0:00:04]} Nxf3+ {[%emt 0:00:40]} 21. Bxf3 {[%emt 0:00:44]} g4 {[%emt 0:07:10]} 22. Be4+ {[%emt 0:08:16]} f5 {[%emt 0:00:14]} 23. bxc5 {[%emt 0:02:03]} fxe4 {[%emt 0:05:11]} 24. cxd6 {[%emt 0:01:24]} Qxd6 {[%emt 0:00:20]} 25. Rxe4 {[%emt 0:00:18]} Bf5 {[%emt 0:00:56]} 26. Re2 {[%emt 0:01:10]} Qc5 {[%emt 0:06:56]} 27. Rxe5 {[%emt 0:15:41]} Rxe5 {[%emt 0:02:48]} 28. Bxe5 {[%emt 0:00:02]} Qxc4 {[%emt 0:00:09]} 29. d6 {[%emt 0:01:30]} Bd7 {[%emt 0:05:53]} 30. Qb2 {[%emt 0:02:44]} b5 {[%emt 0:01:13]} 31. Qb1+ {[%emt 0:00:20]} 1-0

[Event "Guimaraes Open 2019"]
[Site "Guimaraes"]
[Date "2019.08.29"]
[Round "2.10"]
[White "Martins, Diogo Faria Oliveira"]
[Black "Martin Duque, Jesus"]
[Result "0-1"]
[WhiteElo "1984"]
[BlackElo "2353"]
[Annotator "NA"]
[PlyCount "46"]
[EventDate "2019.08.28"]
[EventType "swiss"]
[EventCountry "POR"]
[SourceTitle "playchess.com"]
[Source "ChessBase"]
[SourceQuality "1"]
[TimeControl "5400+30"]

1. e4 {[%emt 0:00:00]} e5 {[%emt 0:00:00]} 2. Bc4 {[%emt 0:00:03]} Nf6 {[%emt 0:00:00]} 3. Nf3 {[%emt 0:00:04]} Nxe4 {[%emt 0:00:00]} 4. Nc3 {[%emt 0:00:02]} Nxc3 {[%emt 0:00:00]} 5. dxc3 {[%emt 0:00:05]} f6 {[%emt 0:00:23]} 6. Nh4 {[%emt 0:00:04]} g6 {[%emt 0:00:11]} 7. f4 {[%emt 0:00:07]} Qe7 {[%emt 0:00:12]} 8. f5 {[%emt 0:01:26]} Qg7 {[%emt 0:00:06]} 9. Be3 {[%emt 0:20:16]} c6 {[%emt 0:04:17]} 10. Qe2 {[%emt 0:06:34]} d5 {[%emt 0:01:23]} 11. Bb3 {[%emt 0:00:04]} g5 {[%emt 0:14:29]} 12. Nf3 {[%emt 0:01:54]} Bxf5 {[%emt 0:00:05]} 13. c4 {[%emt 0:07:31]} d4 {[%emt 0:06:37]} 14. Bxd4 {[%emt 0:01:32]} Nd7 {[%emt 0:00:05]} 15. O-O-O {[%emt 0:02:16]} Bc5 {[%emt 0:02:58]} 16. Rhe1 {[%emt 0:19:36]} O-O {[%emt 0:04:05]} 17. Bc3 {[%emt 0:01:43]} Rfd8 {[%emt 0:06:12]} 18. Nxe5 {[%emt 0:11:34]} fxe5 {[%emt 0:01:49]} 19. Bxe5 {[%emt 0:00:15]} Nxe5 {[%emt 0:01:51]} 20. Rxd8+ {[%emt 0:00:25]} Rxd8 {[%emt 0:00:00]} 21. Qxe5 {[%emt 0:00:09]} Qxe5 {[%emt 0:00:17]} 22. Rxe5 {[%emt 0:00:03]} b6 {[%emt 0:00:07]} 23. c3 {[%emt 0:01:15]} Bg6 {[%emt 0:00:12]} 0-1

[Event "Guimaraes Open 2019"]
[Site "Guimaraes"]
[Date "2019.08.29"]
[Round "2.11"]
[White "Nieves Cabanes, Jose Manuel"]
[Black "Gonzalez Eiris, Daniel"]
[Result "1-0"]
[WhiteElo "2311"]
[BlackElo "1977"]
[Annotator "NA"]
[PlyCount "37"]
[EventDate "2019.08.28"]
[EventType "swiss"]
[EventCountry "POR"]
[SourceTitle "playchess.com"]
[Source "ChessBase"]
[SourceQuality "1"]
[TimeControl "5400+30"]

1. Nf3 {[%emt 0:00:00]} e6 {[%emt 0:03:24]} 2. c4 {[%emt 0:00:00]} Nf6 {[%emt 0:00:04]} 3. g3 {[%emt 0:00:00]} d5 {[%emt 0:00:04]} 4. Bg2 {[%emt 0:00:00]} Be7 {[%emt 0:00:06]} 5. O-O {[%emt 0:00:08]} O-O {[%emt 0:00:03]} 6. b3 {[%emt 0:00:22]} c5 {[%emt 0:09:26]} 7. cxd5 {[%emt 0:01:35]} Nxd5 {[%emt 0:01:59]} 8. Bb2 {[%emt 0:01:04]} Bf6 {[%emt 0:01:45]} 9. Bxf6 {[%emt 0:03:55]} Nxf6 {[%emt 0:02:41]} 10. Nc3 {[%emt 0:04:02]} a6 {[%emt 0:02:51]} 11. Na4 {[%emt 0:03:12]} b6 {[%emt 0:01:26]} 12. d4 {[%emt 0:02:00]} cxd4 {[%emt 0:05:19]} 13. Qxd4 {[%emt 0:05:56]} b5 {[%emt 0:04:09]} 14. Nb6 {[%emt 0:03:03]} Qxd4 {[%emt 0:00:07]} 15. Nxd4 {[%emt 0:00:07]} Ra7 {[%emt 0:00:03]} 16. Rfc1 {[%emt 0:05:25]} Bd7 {[%emt 0:01:00]} 17. Rc5 {[%emt 0:02:51]} Be8 {[%emt 0:07:07]} 18. Nc8 {[%emt 0:03:34]} Nfd7 {[%emt 0:02:16]} 19. Rcc1 {[%emt 0:00:49]} 1-0

[Event "Guimaraes Open 2019"]
[Site "Guimaraes"]
[Date "2019.08.29"]
[Round "2.12"]
[White "Fernandes, Joao Pedro Murtinho"]
[Black "Galego, Luis"]
[Result "1/2-1/2"]
[WhiteElo "2044"]
[BlackElo "2506"]
[Annotator "ChessBase"]
[PlyCount "57"]
[EventDate "2019.08.28"]
[EventType "swiss"]
[EventCountry "POR"]
[SourceTitle "playchess.com"]
[Source "ChessBase"]
[SourceQuality "1"]
[TimeControl "5400+30"]

1. e4 {[%emt 0:00:00]} d5 {[%emt 0:00:18]} 2. exd5 {[%emt 0:00:00]} Qxd5 {[%emt 0:00:07]} 3. Nc3 {[%emt 0:00:00]} Qd6 {[%emt 0:00:05]} 4. d4 {[%emt 0:00:19]} Nf6 {[%emt 0:00:08]} 5. Nf3 {[%emt 0:00:39]} a6 {[%emt 0:01:03]} 6. h3 {[%emt 0:02:29]} Nc6 {[%emt 0:03:23]} 7. Bc4 {[%emt 0:03:18]} Bf5 {[%emt 0:02:05]} 8. O-O {[%emt 0:04:50]} e6 {[%emt 0:02:17]} 9. Re1 {[%emt 0:05:44]} O-O-O {[%emt 0:03:22]} 10. Be3 {[%emt 0:01:16]} h6 {[%emt 0:01:00]} 11. Qe2 {[%emt 0:07:35]} Nd5 {[%emt 0:13:38]} 12. Bxa6 {[%emt 0:20:28]} Nxc3 {[%emt 0:00:49]} 13. bxc3 {[%emt 0:00:58]} bxa6 {[%emt 0:00:36]} 14. Qxa6+ {[%emt 0:00:04]} Kd7 {[%emt 0:00:04]} 15. Rad1 {[%emt 0:04:00]} Ke8 {[%emt 0:06:14]} 16. Bf4 {[%emt 0:08:08]} Qd7 {[%emt 0:03:59]} 17. d5 {[%emt 0:03:30]} Nb8 {[%emt 0:00:42]} 18. Qa5 {[%emt 0:10:59]} Bd6 {[%emt 0:01:46]} 19. g4 {[%emt 0:07:50]} Bxc2 {[%emt 0:01:26]} 20. dxe6 {[%emt 0:00:31]} fxe6 {[%emt 0:00:16]} 21. Rd2 {[%emt 0:03:49]} Bg6 {[%emt 0:04:16]} 22. Ne5 {[%emt 0:02:38]} Nc6 {[%emt 0:00:06]} 23. Nxc6 {[%emt 0:01:25]} Qxc6 {[%emt 0:00:09]} 24. Rxe6+ {[%emt 0:00:10]} Kf7 {[%emt 0:00:26]} 25. Rxg6 {[%emt 0:00:14]} Rhe8 {[%emt 0:00:07]} 26. Qf5+ {[%emt 0:01:13]} Kg8 {[%emt 0:00:02]} 27. Rxg7+ {[%emt 0:03:35]} Kxg7 {[%emt 0:00:05]} 28. Bxh6+ {[%emt 0:00:11]} Kxh6 {[%emt 0:00:38]} 29. Qf6+ {[%emt 0:00:05]} 1/2-1/2

[Event "Guimaraes Open 2019"]
[Site "Guimaraes"]
[Date "2019.08.29"]
[Round "2.13"]
[White "Tilicheev, Viacheslav"]
[Black "Redondo Arguelles, Graciela"]
[Result "1-0"]
[WhiteElo "2482"]
[BlackElo "2021"]
[Annotator "ChessBase"]
[PlyCount "63"]
[EventDate "2019.08.28"]
[EventType "swiss"]
[EventCountry "POR"]
[SourceTitle "playchess.com"]
[Source "ChessBase"]
[SourceQuality "1"]
[TimeControl "5400+30"]

1. d4 {[%emt 0:00:00]} d5 {[%emt 0:01:33]} 2. Bf4 {[%emt 0:00:00]} Nf6 {[%emt 0:00:37]} 3. e3 {[%emt 0:00:00]} c5 {[%emt 0:01:37]} 4. c3 {[%emt 0:00:04]} e6 {[%emt 0:00:57]} 5. Nd2 {[%emt 0:00:09]} Bd6 {[%emt 0:01:43]} 6. Bg3 {[%emt 0:00:24]} Nc6 {[%emt 0:03:21]} 7. Ngf3 {[%emt 0:00:10]} Nh5 {[%emt 0:11:23]} 8. Bxd6 {[%emt 0:12:08]} Qxd6 {[%emt 0:02:15]} 9. Bb5 {[%emt 0:00:13]} Nf6 {[%emt 0:09:16]} 10. Bxc6+ {[%emt 0:05:20]} bxc6 {[%emt 0:00:36]} 11. Nb3 {[%emt 0:00:53]} Nd7 {[%emt 0:10:52]} 12. dxc5 {[%emt 0:01:14]} Nxc5 {[%emt 0:00:23]} 13. Nxc5 {[%emt 0:02:27]} Qxc5 {[%emt 0:00:05]} 14. Qd4 {[%emt 0:00:09]} Qxd4 {[%emt 0:01:59]} 15. cxd4 {[%emt 0:00:24]} Rb8 {[%emt 0:01:46]} 16. b3 {[%emt 0:00:10]} f6 {[%emt 0:00:09]} 17. Kd2 {[%emt 0:00:34]} Bd7 {[%emt 0:02:01]} 18. Ne1 {[%emt 0:02:03]} Ke7 {[%emt 0:05:57]} 19. Nd3 {[%emt 0:00:10]} Kd6 {[%emt 0:00:04]} 20. f4 {[%emt 0:01:19]} Rhc8 {[%emt 0:07:15]} 21. Rac1 {[%emt 0:00:37]} Be8 {[%emt 0:00:30]} 22. Rc3 {[%emt 0:00:47]} Bg6 {[%emt 0:02:45]} 23. Nc5 {[%emt 0:00:25]} Bf5 {[%emt 0:12:45]} 24. g4 {[%emt 0:10:13]} Bg6 {[%emt 0:08:00]} 25. h4 {[%emt 0:01:52]} Rb4 {[%emt 0:05:49]} 26. h5 {[%emt 0:00:37]} Be4 {[%emt 0:01:53]} 27. Rhc1 {[%emt 0:00:54]} Bf3 {[%emt 0:00:42]} 28. Rg1 {[%emt 0:01:26]} e5 {[%emt 0:00:24]} 29. dxe5+ {[%emt 0:01:24]} fxe5 {[%emt 0:00:04]} 30. Nd3 {[%emt 0:00:27]} d4 {[%emt 0:02:27]} 31. fxe5+ {[%emt 0:00:49]} Ke7 {[%emt 0:00:15]} 32. Rcc1 {[%emt 0:00:29]} 1-0

[Event "Guimaraes Open 2019"]
[Site "Guimaraes"]
[Date "2019.08.29"]
[Round "2.14"]
[White "Carbonell Sancho, Marc"]
[Black "Camarena Jimenez, Rufino"]
[Result "1/2-1/2"]
[WhiteElo "2187"]
[BlackElo "2317"]
[Annotator "NA"]
[PlyCount "78"]
[EventDate "2019.08.28"]
[EventType "swiss"]
[EventCountry "POR"]
[SourceTitle "playchess.com"]
[Source "ChessBase"]
[SourceQuality "1"]
[TimeControl "5400+30"]

1. e4 {[%emt 0:00:00]} e6 {[%emt 0:00:00]} 2. d4 {[%emt 0:00:00]} d5 {[%emt 0:00:00]} 3. Nc3 {[%emt 0:00:00]} Bb4 {[%emt 0:00:03]} 4. e5 {[%emt 0:00:00]} Ne7 {[%emt 0:00:05]} 5. a3 {[%emt 0:00:00]} Bxc3+ {[%emt 0:00:04]} 6. bxc3 {[%emt 0:00:08]} b6 {[%emt 0:00:10]} 7. f4 {[%emt 0:00:49]} Ba6 {[%emt 0:03:08]} 8. Bxa6 {[%emt 0:00:09]} Nxa6 {[%emt 0:00:07]} 9. Nf3 {[%emt 0:00:09]} Nb8 {[%emt 0:02:55]} 10. Qd3 {[%emt 0:00:17]} Nbc6 {[%emt 0:01:03]} 11. O-O {[%emt 0:03:49]} h5 {[%emt 0:02:09]} 12. c4 {[%emt 0:03:31]} dxc4 {[%emt 0:06:09]} 13. Qxc4 {[%emt 0:00:43]} Qd5 {[%emt 0:00:19]} 14. Qd3 {[%emt 0:00:33]} Na5 {[%emt 0:00:38]} 15. a4 {[%emt 0:07:29]} Nf5 {[%emt 0:03:18]} 16. Rb1 {[%emt 0:02:18]} O-O-O {[%emt 0:08:43]} 17. Rb4 {[%emt 0:12:46]} c5 {[%emt 0:11:32]} 18. Qa6+ {[%emt 0:00:14]} Qb7 {[%emt 0:18:30]} 19. Qxb7+ {[%emt 0:00:15]} Nxb7 {[%emt 0:00:07]} 20. dxc5 {[%emt 0:00:31]} Nxc5 {[%emt 0:00:32]} 21. a5 {[%emt 0:00:36]} Kc7 {[%emt 0:00:40]} 22. Kf2 {[%emt 0:06:43]} Rd7 {[%emt 0:01:47]} 23. Be3 {[%emt 0:02:55]} Rc8 {[%emt 0:15:25]} 24. axb6+ {[%emt 0:03:37]} axb6 {[%emt 0:00:06]} 25. Rfb1 {[%emt 0:00:59]} Kd8 {[%emt 0:00:48]} 26. Rc4 {[%emt 0:04:16]} Rc6 {[%emt 0:07:29]} 27. Rb5 {[%emt 0:05:52]} Rd5 {[%emt 0:01:02]} 28. Bxc5 {[%emt 0:00:37]} Rdxc5 {[%emt 0:01:53]} 29. Rbxc5 {[%emt 0:00:05]} Rxc5 {[%emt 0:00:37]} 30. Rxc5 {[%emt 0:00:06]} bxc5 {[%emt 0:00:11]} 31. Ke2 {[%emt 0:02:28]} f6 {[%emt 0:03:24]} 32. g3 {[%emt 0:00:49]} Kd7 {[%emt 0:00:26]} 33. Kd3 {[%emt 0:00:06]} Kc6 {[%emt 0:00:50]} 34. exf6 {[%emt 0:00:54]} gxf6 {[%emt 0:00:07]} 35. Nd2 {[%emt 0:00:24]} Nd6 {[%emt 0:02:31]} 36. Ne4 {[%emt 0:15:26]} Ne8 {[%emt 0:00:20]} 37. h3 {[%emt 0:01:28]} Kd5 {[%emt 0:00:52]} 38. c4+ {[%emt 0:01:10]} Kc6 39. Ke3 {[%emt 0:04:11]} f5 {[%emt 0:01:13]} 1/2-1/2